La bonne chanson (Record no. 188105)
[ view plain ]
| 000 -LEADER | |
|---|---|
| campo de control de longitud fija | 00914nam a2200253 i 4500 |
| 001 - NÚMERO DE CONTROL | |
| campo de control | 188105 |
| 003 - IDENTIFICADOR DE NÚMERO DE CONTROL | |
| campo de control | ES-MaACL |
| 005 - FECHA Y HORA DE LA ÚLTIMA TRANSACCIÓN | |
| campo de control | 20250921063040.0 |
| 008 - DATOS DE LONGITUD FIJA--INFORMACIÓN GENERAL | |
| campo de control de longitud fija | 180503s1976 fr |||| | fre d |
| 020 ## - NÚMERO INTERNACIONAL ESTÁNDAR DEL LIBRO | |
| Número Internacional Estándar del Libro | 2-253-00964-4 |
| 080 ## - NÚMERO DE LA CLASIFICACIÓN DECIMAL UNIVERSAL | |
| Número de la Clasificación Decimal Universal | 821.133.1-14"18" |
| 100 1# - ENTRADA PRINCIPAL--NOMBRE DE PERSONA | |
| Nombre de persona | Verlaine, Paul, |
| Fechas asociadas al nombre | 1844-1896 |
| 9 (RLIN) | 114142 |
| 245 13 - MENCIÓN DEL TÍTULO | |
| Título | La bonne chanson |
| Resto del título | ; Romances sans paroles ; Sagesse / |
| Mención de responsabilidad, etc. | Paul Verlaine ; préface d'Antoine Blondin ; notes et commentaires de Claude Cuénot. |
| 246 30 - FORMA VARIANTE DEL TITULO | |
| Título propio/Titulo breve | Romances sans paroles |
| 246 30 - FORMA VARIANTE DEL TITULO | |
| Título propio/Titulo breve | Sagesse |
| 260 ## - PUBLICACIÓN, DISTRIBUCIÓN, ETC. | |
| Lugar de publicación, distribución, etc. | Paris : |
| Nombre del editor, distribuidor, etc. | Le livre de Poche, |
| Fecha de publicación, distribución, etc. | [1976] |
| 300 ## - DESCRIPCIÓN FÍSICA | |
| Extensión | XII, 211 p. ; |
| Dimensiones | 17 cm. |
| 490 1# - MENCIÓN DE SERIE | |
| Mención de serie | Le Livre de poche. |
| -- | Classique ; |
| Designación de volumen o secuencia | 1116 |
| 700 1# - ENTRADA AGREGADA--NOMBRE PERSONAL | |
| Nombre de persona | Blondin, Antoine. |
| 9 (RLIN) | 29550 |
| 700 1# - ENTRADA AGREGADA--NOMBRE PERSONAL | |
| Nombre de persona | Cuénot, Claude. |
| 9 (RLIN) | 164728 |
| 830 0# - PUNTO DE ACCESO ADICIONAL DE SERIE-TÍTULO UNIFORME | |
| Título uniforme | Le Livre de poche. |
| -- | Classique ; |
| Designación de volumen o secuencia | 1116 |
| 9 (RLIN) | 192995 |
| 852 ## - LOCALIZACIÓN | |
| Ubicación | ES-MaACL |
| Número de control de estantería | L-31998 |
| Nota libre | . - Donat. Carmen Zumárraga |
| Estatus retirado | Estado de pérdida | Estado de daño | No para préstamo | Biblioteca de origen | Biblioteca actual | Ubicación en estantería | Fecha de adquisición | Fuente de adquisición | Total de préstamos | Signatura topográfica completa | Código de barras | Visto por última vez | Precio de reemplazo | Tipo de ítem Koha |
|---|---|---|---|---|---|---|---|---|---|---|---|---|---|---|
| Biblioteca del Ateneo de Madrid | Biblioteca del Ateneo de Madrid | Depósito 2 | 03/05/2018 | L-31998 | 1198805 | 23/02/2023 | 23/02/2023 | Libro impreso |
